Elementary and intermediate algebra / (Record no. 12049)

000 -LEADER
fixed length control field 00747cam a22002054a 4500
020 ## - INTERNATIONAL STANDARD BOOK NUMBER
ISBN 0072538953 (hard copy : alk. paper)
020 ## - INTERNATIONAL STANDARD BOOK NUMBER
ISBN 0072994398 (MathZone student access kit)
040 ## - CATALOGING SOURCE
Transcribing agency DLC
082 00 - DEWEY DECIMAL CLASSIFICATION NUMBER
Classification number 512 MCG 2006 A031 Or.
100 1# - MAIN ENTRY--AUTHOR NAME
Personal name Dugopolski, Mark.
245 10 - TITLE STATEMENT
Title Elementary and intermediate algebra /
250 ## - EDITION STATEMENT
Edition statement 2nd ed.
260 ## - PUBLICATION, DISTRIBUTION, ETC. (IMPRINT)
Place of publication Boston Burr Ridge, Ill. :
Name of publisher McGraw Hill Higher Education,
Year of publication c2006.
300 ## - PHYSICAL DESCRIPTION
Number of Pages xxxiv, 930, A-111, I-10 p. :
Other physical details ill. (some col.) ;
Dimensions 26 cm. +
Accompanying material 1 MathZone student access kit.
500 ## - GENERAL NOTE
General note Includes index.
650 #0 - SUBJECT ADDED ENTRY--TOPICAL TERM
Topical Term Algebra
856 41 - ELECTRONIC LOCATION AND ACCESS
Uniform Resource Identifier http://www.loc.gov/catdir/toc/ecip052/2004023716.html
856 42 - ELECTRONIC LOCATION AND ACCESS
Uniform Resource Identifier http://www.loc.gov/catdir/enhancements/fy0668/2004023716-d.html
942 ## - ADDED ENTRY ELEMENTS (KOHA)
Koha item type សៀវភៅភាសាអង់គ្លេស
952 ## - LOCATION AND ITEM INFORMATION (KOHA)
Withdrawn status [LOCAL, KOHA] 0
Holdings
Permanent Location Date acquired Koha item type Lost status Shelving location Barcode Current Location Full call number
Library Block A2017-08-09សៀវភៅភាសាអង់គ្លេស A031A15497Library Block A512 MCG 2006 A031 Or.
មជ្ឈមណ្ឌលឯការនៃសាកលវិទ្យាល័យភូមិន្ទកសិកម្មចំការដូង

Powered by Koha